A Latin lexicon : an illustrated compendium of Latin words and English derivatives /
This charming, illustrated compendium of Latin words and English derivatives, includes over 365 words required for Latin GCSE. Key notes on grammar, translations and playful and memorable derivatives accompany each Latin entry, and a glossary of Latin in common usage make this essential for all lear...
المؤلف الرئيسي:
مؤلفون آخرون:
التنسيق: كتاب الكتروني
اللغة:
English
Latin
منشور في:
Oxford :
Archaeopress Publishing Ltd,
2020.
الموضوعات:
الوصول للمادة أونلاين: Login to view Source
الوسوم: إضافة وسم
رقم الطلب: PA2365
| LEADER | 01954nam a2200421 i 4500 | ||
|---|---|---|---|
| 001 | EDZ0002363490 | ||
| 003 | StDuBDS | ||
| 005 | 20230412182937.0 | ||
| 006 | m|||||o||d|||||||| | ||
| 007 | cr ||||||||||| | ||
| 008 | 201024s2020 enka do 000|0|eng|d | ||
| 020 | |a 9781789697636 (PDF ebook) : |c No price | ||
| 040 | |a StDuBDS |b eng |c StDuBDS |e rda |e pn | ||
| 041 | 0 | |a eng |a lat | |
| 050 | 4 | |a PA2365 | |
| 082 | 0 | 4 | |a 473.21 |2 23 |
| 100 | 1 | |a Mackenzie, Caroline K., |e author. | |
| 245 | 1 | 2 | |a A Latin lexicon : |b an illustrated compendium of Latin words and English derivatives / |c Caroline K. Mackenzie ; illustrations by Amanda Short. |
| 264 | 1 | |a Oxford : |b Archaeopress Publishing Ltd, |c 2020. | |
| 300 | |a 1 online resource (142 pages) : |b illustrations (colour) | ||
| 336 | |a text |2 rdacontent | ||
| 336 | |a still image |2 rdacontent | ||
| 337 | |a computer |2 rdamedia | ||
| 338 | |a online resource |2 rdacarrier | ||
| 500 | |a Also issued in print: 2020. | ||
| 520 | 8 | |a This charming, illustrated compendium of Latin words and English derivatives, includes over 365 words required for Latin GCSE. Key notes on grammar, translations and playful and memorable derivatives accompany each Latin entry, and a glossary of Latin in common usage make this essential for all learners of Latin as well as cruciverbalists. | |
| 521 | 2 | |a GCSE. | |
| 521 | |a Adolescent. | ||
| 588 | |a Description based on online resource; title from PDF title page (viewed on November 4, 2020). | ||
| 650 | 0 | |a Latin language |v Dictionaries |x English. | |
| 650 | 0 | |a English language |v Dictionaries |x Latin. | |
| 650 | 0 | |a Latin language |x Grammar. | |
| 700 | 1 | |a Short, Amanda, |e illustrator. | |
| 776 | 0 | 8 | |i Print version : |z 9781789697629 |
| 856 | 4 | 0 | |3 Archaeopress |u http://library.arce.org:8087/Archaeopress/Products/9781789697629 |
| 942 | |2 lcc |c EBOOK | ||
| 952 | |0 0 |1 0 |4 0 |6 PA2365 |7 1 |9 46760 |a ARCH |b ARCH |d 2023-04-12 |l 0 |o PA2365 |r 2023-04-12 00:00:00 |w 2023-04-12 |y EBOOK | ||
| 999 | |c 52418 |d 52418 | ||
